Components of a Script and Script Writing an Analysis (Record no. 230498)

MARC details
000 -LEADER
fixed length control field 00396nam a22001457a 4500
005 - DATE AND TIME OF LATEST TRANSACTION
control field 20240319102536.0
008 - FIXED-LENGTH DATA ELEMENTS--GENERAL INFORMATION
fixed length control field 240319b ||||| |||| 00| 0 eng d
040 ## - CATALOGING SOURCE
Transcribing agency AL
041 ## - LANGUAGE CODE
Language code of text/sound track or separate title eng
082 ## - DEWEY DECIMAL CLASSIFICATION NUMBER
Edition number 23
Classification number 070.43
Item number PAUC
245 ## - TITLE STATEMENT
Title Components of a Script and Script Writing an Analysis
260 ## - PUBLICATION, DISTRIBUTION, ETC.
Place of publication, distribution, etc. Mangalore
Name of publisher, distributor, etc. St Aloysius College
Date of publication, distribution, etc. 2000
700 ## - ADDED ENTRY--PERSONAL NAME
Personal name PAUL (Shaji)
9 (RLIN) 155235
942 ## - ADDED ENTRY ELEMENTS (KOHA)
Source of classification or shelving scheme Dewey Decimal Classification
Koha item type Project Report

No items available.